000 00443 a2200145 4500
020 _aN/S
040 _aULA-LD-MS
082 _a658.3
100 _91058
_aKatchindele, Miguel Tchinhama
245 _aImportancia do Treinamento e do Desenvolvimento de Pessoal na Produtividade dos Colaboradores nas Organizaȯes
260 _aLuanda ,
_bUniversidade Lusiada
_c2024.
300 _a132p
650 _aGestô de Recursos Humanos
942 _cTFC
999 _c2235
_d2235